000 00693nam a2200169 i 4500
001 bg
245 0 _aBadania optymalności układów ergonomicznych /
_c[Elżbieta Chlebicka et al.].
260 _aWrocław,
_c1978.
490 1 _aPrace Naukowe Instytutu Organizacji i Zarządzania Politechniki Wrocławskiej =
_aScientific Papers of the Institute of Organization and Management Systems of the Technical University of Wrocław ;
_v15
700 1 _aChlebicka, Elżbieta.
830 0 _aPrace Naukowe Instytutu Organizacji i Zarządzania Politechniki Wrocławskiej ;
_v15
040 _cBPK
041 _apol
080 _a331.015.11
942 _cKS
008 s pl f |000 0 pol
999 _c17814
_d17814
856 _uhttp://koha.tu.koszalin.pl/cgi-bin/koha/opac-detail.pl?biblionumber=17814
_yKatalog online BPK